[Event "Torneo sociale 2005"]
[Site "Circolo Scacchistico Pievigino"]
[Date "2005.01.25"]
[Round "1"]
[White "Luca,D"]
[Black "Corsi,A"]
[Result "1-0"]
[WhiteElo "1598"]
[BlackElo "1500"]

1. e4 e5 2. Nf3 Nc6 3. Bc4 d6 4. Nc3 Nf6 5. Ng5 d5 6. exd5
Na5 7. Bb5+ Bd7 8. Qe2 Qe7 9. Nf3 e4 10. Bxd7+ Kxd7
11. Nd4 g6 12. Qb5+ Nc6 13. dxc6+ bxc6 14. Qxc6+ Kd8
15. Qxa8+ Kd7 16. Qc6+ Kc8 17. Ndb5 a6 18. Qxa6+ Kd7
19. Qb7 Ke8 20. Nxc7+ Kd7 21. N7d5+ 1-0

[Event "Torneo sociale 2005"]
[Site "Circolo Scacchistico Pievigino"]
[Date "2005.01.25"]
[Round "1"]
[White "Vomiero,L"]
[Black "Gencarelli,M"]
[Result "1-0"]
[WhiteElo "1500"]
[BlackElo "1500"]

1. e4 c5 2. c4 Nc6 3. Nf3 d6 4. h3 Nf6 5. Nc3 g6 6. Be2 Bg7
7. d3 O-O 8. a3 Nd4 9. Bd2 a6 10. Rb1 b5 11. cxb5 Qc7
12. bxa6 Bxa6 13. O-O Nxf3+ 14. gxf3 Nh5 15. Kg2 e6
16. Rh1 Rfd8 17. f4 d5 18. e5 d4 19. Ne4 Bb7 20. Bf3 Bh6
21. Bxh5 f5 22. Bf3 fxe4 23. Bxe4 Rf8 24. Qg4 Bxe4+
25. dxe4 Qf7 26. Kg3 Ra4 27. f3 Rd8 28. h4 d3 29. h5 Bg7
30. hxg6 hxg6 31. Qh4 Kf8 32. Qxd8+ 1-0

[Event "Torneo sociale 2005"]
[Site "Circolo Scacchistico Pievigino"]
[Date "2005.01.25"]
[Round "1"]
[White "Saccol,A"]
[Black "Giacomelli,G"]
[Result "0-1"]
[WhiteElo "1500"]
[BlackElo "1900"]

1. d4 Nf6 2. c4 e6 3. Nc3 Bb4 4. e3 b6 5. Bd3 Bb7 6. Nf3
Ne4 7. Qc2 f5 8. O-O O-O 9. Nxe4 fxe4 10. Bxe4 Bxe4
11. Qxe4 Nc6 12. a3 Bd6 13. b4 Be7 14. Bb2 Bf6 15. h3 Qe7
16. Nh2 g6 17. Ng4 Bg7 18. Qc2 h5 19. Nh2 Qf7 20. Rad1
Ne7 21. Nf3 Qe8 22. d5 Rxf3 23. gxf3 e5 24. Qe4 Nf5
25. Kh1 d6 26. Rg1 Qf7 27. Rg2 Rf8 28. Rdg1 Ne7 29. f4
exf4 30. Bxg7 Kxg7 31. exf4 Kh6 32. Re1 Nf5 33. Qe6 Qg7
34. Rg5 Rf7 35. Reg1 Rf6 36. Qe2 Qf7 37. Qd2 Kh7 38. Qd3
Kh6 39. Re1 Nh4 40. Qc3 Rxf4 41. Qh8+ Kxg5 42. Rg1+ Kf5
43. Qh6 Qf6 44. Rf1 Rf3 45. Qd2 Rxh3+ 0-1

[Event "Torneo sociale 2005"]
[Site "Circolo Scacchistico Pievigino"]
[Date "2005.01.25"]
[Round "1"]
[White "Dall'Acqua,R"]
[Black "Bortolotto,D"]
[Result "0-1"]
[WhiteElo "1500"]
[BlackElo "1500"]

1. d4 d5 2. Nc3 e6 3. Nf3 Nf6 4. e3 Be7 5. Bd3 O-O 6. O-O
c5 7. h3 Nbd7 8. Re1 c4 9. Be2 Bb4 10. a3 Bxc3 11. bxc3
Ne4 12. Bb2 Qa5 13. Nd2 Nxc3 14. Qc1 Na4 15. Rb1 c3
16. Nb3 Qc7 17. Nc5 cxb2 18. Qd1 Nc3 19. Qd2 Nxb1
20. Rxb1 Nxc5 21. dxc5 Qxc5 22. Rxb2 Qxa3 23. Qc1 b6
24. Qb1 Bb7 25. Ra2 Qc5 26. Qb2 Qc6 27. c3 Rfc8 28. Ra3
a6 29. Bg4 b5 30. Qc2 Rc7 31. Qd3 Rac8 32. Bd1 Qd6
33. Rb3 Rc5 34. Bc2 f5 35. g4 Qc6 36. gxf5 Rxc3 37. Rxc3
Qxc3 38. fxe6 Qxd3 39. Bxd3 d4 40. exd4 Kf8 41. f4 g6 42. f5
Rc3 43. Be2 Rxh3 44. f6 Re3 45. e7+ Ke8 46. Kf2 Re6
47. d5 Rxf6+ 48. Ke3 Bxd5 49. Kd4 Re6 50. Bg4 Re4+
51. Kxd5 Rxg4 52. Kd6 b4 53. Ke6 b3 54. Kf6 b2 55. Kg7
b1=Q 56. Kh8 Kxe7 57. Kg7 Qb3 58. Kxh7 Qf7+ 59. Kh8
Rh4# 0-1

[Event "Torneo sociale 2005"]
[Site "Circolo Scacchistico Pievigino"]
[Date "2005.01.25"]
[Round "1"]
[White "Premaor,S"]
[Black "Beghetto,E"]
[Result "1-0"]
[WhiteElo "1500"]
[BlackElo "1500"]

1. e4 e5 2. Bc4 f6 3. d3 Bb4+ 4. c3 c5 5. cxb4 cxb4 6. Qh5+
g6 7. Qe2 Nc6 8. Qe3 h6 9. Qc5 d6 10. Qd5 Qe7 11. Nf3
Bg4 12. Nbd2 h5 13. h3 Be6 14. Qb5 Bd7 15. Qxb7 Rd8
16. a3 Rb8 17. Qa6 g5 18. axb4 g4 19. hxg4 Nh6 20. Rxh5
Ra8 21. Nb3 Nxb4 22. Qb7 Nc2+ 23. Ke2 Rg8 24. Qxa8+
Qd8 25. Qxd8+ Kxd8 26. Rxa7 Rxg4 27. Rxh6 Rxg2 28. Be6
Bxe6 29. Rh8+ Rg8 30. Rxg8+ Bxg8 31. Bd2 Bxb3 32. Ba5+
Kc8 33. Kd2 Na1 34. Kc3 Bd1 35. Nh4 Nb3 36. Kb4 Kb8
37. Rd7 Nd4 38. Rxd6 1-0

[Event "Torneo sociale 2005"]
[Site "Circolo Scacchistico Pievigino"]
[Date "2005.01.25"]
[Round "1"]
[White "Barazza,R"]
[Black "Di Gennaro,S"]
[Result "1-0"]
[WhiteElo "1500"]
[BlackElo "1500"]

1. e4 c5 2. Nf3 d6 3. d4 cxd4 4. Nxd4 Nf6 5. Nc3 e6 6. Bc4
Nc6 7. Bg5 Be7 8. O-O a6 9. a4 Qc7 10. Nf3 O-O 11. Qd2
Bd7 12. Rfd1 e5 13. Bxf6 Bxf6 14. Qxd6 Qxd6 15. Rxd6 Bg4
16. Ne1 Nd4 17. f3 Bh5 18. Nd5 Bg5 19. Nd3 Bf4 20. N5xf4
Nxc2 21. Rc1 Ne3 22. Nxh5 Rac8 23. Nxe5 Rfe8 24. Bxf7+
Kf8 25. Rxc8 Rxc8 26. Kf2 Nc2 27. Be6 Rc7 28. Rd7 Rxd7
29. Bxd7 Nd4 30. Bc8 b5 31. axb5 axb5 32. Ba6 g6 33. Ng3
Ke7 34. Ke3 Nc2+ 35. Kd2 Nd4 36. Kd3 Ne6 37. Bxb5 Nf4+
38. Kd4 Nxg2 39. b4 Nf4 40. Ba6 Ne6+ 41. Kc4 Kd6 42. Nd3
Kd7 43. b5 Nc7 44. Nc5+ Kd8 45. b6 Nxa6 46. Nxa6 1-0

[Event "Torneo sociale 2005"]
[Site "Circolo Scacchistico Pievigino"]
[Date "2005.01.25"]
[Round "1"]
[White "Stella,I"]
[Black "Fontana,E"]
[Result "0-1"]
[WhiteElo "1500"]
[BlackElo "2097"]

1. e4 c6 2. Nf3 d5 3. exd5 cxd5 4. d4 Nf6 5. Be2 Nc6 6. O-O
Bg4 7. c3 Bxf3 8. Bxf3 e6 9. Bg5 Be7 10. Nd2 O-O 11. Be2
a6 12. Bd3 b5 13. a3 Rb8 14. Qc2 h6 15. Bf4 Bd6 16. Bxd6
Qxd6 17. b4 Rfc8 18. Nf3 Qf4 19. Qd2 Qxd2 20. Nxd2 e5
21. Bf5 Rc7 22. dxe5 Nxe5 23. Rfe1 Nc4 24. Nb3 Nd6
25. Nc5 Rxc5 26. bxc5 Nxf5 27. a4 Rc8 28. axb5 axb5
29. Ra5 Rxc5 30. f3 Rxc3 31. Rxb5 Kh7 32. Re5 Kg6
33. Rb6 d4 34. f4 Ne3 35. Rd6 Rc1+ 36. Kf2 Kh7 37. Re7
Nf5 38. Rxf7 Nxd6 39. Rxf6 gxf6 40. f5 Nc4 41. h4 d3 42. g4
d2 43. g5 d1=Q 44. h5 Rc2+ 45. Kg3 Qg1+ 46. Kf3 Qe3+
47. Kg4 Ne5+ 48. Kh4 Rc4# 0-1

[Event "Torneo sociale 2005"]
[Site "Circolo Scacchistico Pievigino"]
[Date "2005.01.25"]
[Round "1"]
[White "Pavan,R"]
[Black "Broli,C"]
[Result "0-1"]
[WhiteElo "1500"]
[BlackElo "1500"]

1. d4 Nf6 2. Bg5 Ne4 3. Bf4 g5 4. Be3 e6 5. g3 b6 6. Bg2
Bb7 7. Qd3 Nc5 8. dxc5 Bxg2 9. Bd4 f6 10. f3 Nc6 11. Bf2
Bxc5 12. Bxc5 bxc5 13. Nc3 Bxh1 14. O-O-O Nd4 15. Ne4
Qe7 16. Qa6 O-O 17. Qd3 d5 18. Nf2 Bxf3 19. Nxf3 Nxf3
20. Qxf3 Rab8 21. Ng4 c4 22. Qc3 Qb4 23. Qxb4 Rxb4
24. Nh6+ Kg7 25. Ng4 Rfb8 0-1

[Event "Torneo sociale 2005"]
[Site "Circolo Scacchistico Pievigino"]
[Date "2005.01.25"]
[Round "1"]
[White "Bortolini,S"]
[Black "Bubola,A"]
[Result "0-1"]
[WhiteElo "1500"]
[BlackElo "1500"]

1. d4 d5 2. c4 Nf6 3. Nc3 e6 4. Bg5 h6 5. Bh4 Be7 6. Nf3
Nbd7 7. a3 a6 8. c5 O-O 9. Bg3 b6 10. b4 bxc5 11. bxc5 c6
12. Rb1 Qa5 13. Qc2 Ne4 14. Ne5 Nxc3 15. Qd2 Nxe5
16. Bxe5 Qxa3 17. Rc1 Ne4 18. Qc2 Bd8 19. e3 Ba5+
20. Ke2 f6 21. Bg3 e5 22. dxe5 Bg4+ 23. f3 Nc3+ 24. Kf2
fxe5 25. Bxe5 Nb5 26. Qg6 Rf7 27. Qxg4 Qxc1 28. f4 Be1+
29. Kg1 Qxe3# 0-1

[Event "Torneo sociale 2005"]
[Site "Circolo Scacchistico Pievigino"]
[Date "2005.01.25"]
[Round "1"]
[White "Donadel,S"]
[Black "Spolaore,L"]
[Result "0-1"]
[WhiteElo "1700"]
[BlackElo "1545"]

1. d4 d5 2. c4 c6 3. Nf3 g6 4. Nc3 Bg4 5. e3 Nf6 6. h3 Bxf3
7. Qxf3 Bg7 8. Bd2 e6 9. Bd3 dxc4 10. Bxc4 Nd5 11. Ne4
O-O 12. h4 Nd7 13. h5 e5 14. hxg6 fxg6 15. Qh3 h6
16. Qe6+ Kh7 17. Nd6 Rf6 18. Qh3 Rxd6 19. Bxd5 cxd5
20. e4 g5 21. Qf5+ Kg8 22. dxe5 Nxe5 23. f4 Nd3+ 24. Ke2
Nxf4+ 25. Bxf4 gxf4 26. e5 Qe7 27. Rh5 Rf8 28. Qg4 Re6
29. Kf1 Rxe5 30. Rxe5 Qxe5 31. Re1 Qg5 32. Qd7 f3 33. g4
0-1

[Event "Torneo sociale 2005"]
[Site "Circolo Scacchistico Pievigino"]
[Date "2005.02.01"]
[Round "2"]
[White "Spolaore,L"]
[Black "Luca,D"]
[WhiteElo "1545"]
[BlackElo "1598"]
[Result "0-1"]

1. c4 e5 2. Nc3 Nf6 3. d3 Bb4 4. Bd2 O-O 5. g3 Nc6 6. Nf3
Re8 7. Bg2 d6 8. O-O a6 9. a3 Bc5 10. Ng5 Bd7 11. Nge4
Nxe4 12. Bxe4 f5 13. Bd5+ Kh8 14. Bxc6 Bxc6 15. Nd5 Bxd5
16. cxd5 Qf6 17. e4 f4 18. Qf3 fxg3 19. Qxf6 gxh2+ 20. Kxh2
gxf6 21. f4 Rf8 22. Kg3 Rg8+ 23. Kf3 Raf8 24. f5 Rf7 25. Bh6
Rc8 26. Rac1 Bd4 27. Rc2 c5 28. Rh1 b5 29. Be3 Bxe3
30. Kxe3 Rg7 31. Rch2 Rcc7 32. b3 c4 33. bxc4 bxc4
34. Kd2 cxd3 35. Kxd3 Rg3+ 36. Kd2 Rxa3 37. Rh6 Rf7
38. Rg1 Rb3 39. Rgg6 0-1

[Event "Torneo sociale 2005"]
[Site "Circolo Scacchistico Pievigino"]
[Date "2005.02.01"]
[Round "2"]
[White "Giacomelli,G"]
[Black "Vomiero,L"]
[Result "1-0"]
[WhiteElo "1900"]
[BlackElo "1500"]

1. d4 d5 2. c4 Nf6 3. cxd5 Qxd5 4. Nc3 Qd8 5. Nf3 e6 6. e4
Be7 7. Bd3 Nc6 8. O-O a6 9. h3 b6 10. e5 Nd5 11. Ne4 Bb7
12. Bg5 Nxd4 13. Nxd4 Bxg5 14. Qh5 Nf4 15. Qxg5 Nxd3
16. Qxg7 Kd7 17. Qxf7+ Kc8 18. Nxe6 Qd7 19. Qxd7+ Kxd7
20. N6g5 h6 21. Rad1 hxg5 22. Rxd3+ Ke7 23. Re1 Raf8
24. e6 Bc6 25. Rc3 Bxe4 26. Rxe4 c5 27. b4 Rc8 28. bxc5
bxc5 29. Re5 c4 30. Re4 Rh6 31. Rcxc4 Rxc4 32. Rxc4 Rxe6
33. Rc5 Kf6 34. g3 Re1+ 35. Kg2 Re6 36. Ra5 Rb6 37. Kf3
Kg6 38. Kg4 Rb4+ 39. f4 gxf4 40. Rxa6+ Kf7 41. gxf4 Re4
42. Kf5 Re3 43. Ra7+ Kg8 44. h4 Rh3 45. Kg4 Rh2 46. h5
Rg2+ 47. Kf5 Rh2 48. Kf6 Rxh5 49. Kg6 1-0

[Event "Torneo sociale 2005"]
[Site "Circolo Scacchistico Pievigino"]
[Date "2005.02.01"]
[Round "2"]
[White "Bortolotto,D"]
[Black "Premaor,S"]
[Result "1-0"]
[WhiteElo "1500"]
[BlackElo "1500"]

1. e4 e5 2. Nf3 d5 3. exd5 Qxd5 4. Nc3 Qe6 5. Be2 h6
6. O-O Bd6 7. Re1 Qg6 8. d4 e4 9. Nxe4 Be7 10. b3 Nf6
11. Ne5 Qf5 12. Nxf6+ Qxf6 13. Bb2 O-O 14. Bf3 c6 15. d5
a5 16. Rb1 Qh4 17. dxc6 bxc6 18. Nxc6 Bc5 19. g3 Qg5
20. Re5 Qg6 21. Rxc5 Nxc6 22. Rxc6 Qf5 23. Rc4 Rb8
24. Be4 Qg5 25. Qd6 Be6 26. Rc5 Rfe8 27. Rxg5 1-0

[Event "Torneo sociale 2005"]
[Site "Circolo Scacchistico Pievigino"]
[Date "2005.02.01"]
[Round "2"]
[White "Fontana,E"]
[Black "Barazza,R"]
[Result "1-0"]
[WhiteElo "2097"]
[BlackElo "1500"]

1. e4 d6 2. d4 Nf6 3. Bd3 g6 4. Nf3 Bg7 5. O-O O-O 6. Bg5
c5 7. c3 Nbd7 8. Qb3 b6 9. e5 dxe5 10. dxe5 Ne8 11. Be4
Rb8 12. e6 Ndf6 13. exf7+ Rxf7 14. Ne5 e6 15. Nxf7 Kxf7
16. Bf3 Qc7 17. Nd2 Qe5 18. Bh4 Bh6 19. Nc4 Qf5 20. Bg3
Bf4 21. Bxf4 Qxf4 22. Rfe1 Ng4 23. Bxg4 1-0

[Event "Torneo sociale 2005"]
[Site "Circolo Scacchistico Pievigino"]
[Date "2005.02.01"]
[Round "2"]
[White "Bubola,A"]
[Black "Broli,C"]
[Result "1/2-1/2"]
[WhiteElo "1500"]
[BlackElo "1500"]

1. d4 Nf6 2. Nf3 g6 3. Bf4 d6 4. h3 Bg7 5. e3 c5 6. Nbd2
cxd4 7. exd4 O-O 8. c3 Bd7 9. Bd3 Nc6 10. Qc2 Nh5 11. Bh2
e5 12. dxe5 dxe5 13. O-O Re8 14. Rae1 Nf4 15. Bxf4 exf4
16. Qd1 Qc7 17. Re4 Ne5 18. Nxe5 Bxe5 19. Nf3 Bd6
20. Rfe1 Rxe4 21. Bxe4 Bc6 22. Bxc6 Qxc6 23. Qd2 Bc7
24. Qd4 Qb6 25. Qxb6 Bxb6 26. Re7 1/2-1/2

[Event "Torneo sociale 2005"]
[Site "Circolo Scacchistico Pievigino"]
[Date "2005.02.01"]
[Round "2"]
[White "Beghetto,E"]
[Black "Feltre,S"]
[Result "0-1"]
[WhiteElo "1500"]
[BlackElo "1500"]

1. e4 e5 2. d3 Nf6 3. Nc3 Bc5 4. Nd5 c6 5. Ne3 d5 6. Nf3 d4
7. Nf5 Ng4 8. Bg5 f6 9. Bh4 Qd7 10. Nxg7+ Qxg7 11. a3 f5
12. Bg5 fxe4 13. dxe4 d3 14. cxd3 Nxf2 15. Qc1 Nxh1
16. Qxc5 Nd7 17. d4 Nxc5 18. dxc5 Be6 19. Rd1 h6 20. Bh4
Qg4 21. Bd3 Qxg2 22. Be2 b5 23. Bf6 Rf8 24. Bg7 Rxf3
25. b3 Rf1+ 26. Bxf1 Qf2# 0-1

[Event "Torneo sociale 2005"]
[Site "Circolo Scacchistico Pievigino"]
[Date "2005.02.01"]
[Round "2"]
[White "Di Gennaro,S"]
[Black "Stella,I"]
[Result "0-1"]
[WhiteElo "1500"]
[BlackElo "1500"]

1. e4 e5 2. Nf3 Nf6 3. Nc3 d5 4. exd5 e4 5. Qe2 Qe7 6. Nd4
Bg4 7. Qb5+ Nbd7 8. Qxb7 Rb8 9. Qxa7 g6 10. Nc6 Qc5
11. Qxc5 Bxc5 12. Nxb8 Nxb8 13. d3 O-O 14. dxe4 Re8 15. f3
Bd7 16. g4 c6 17. Bg5 Kg7 18. Bxf6+ Kxf6 19. O-O-O cxd5
20. Nxd5+ Kg7 21. Nc7 Re7 22. Nd5 Re8 23. h4 Be6
24. Nc7 Re7 25. Nxe6+ Rxe6 26. a3 Be3+ 27. Kb1 Nc6
28. c3 Ne5 29. Bb5 Bf4 30. h5 g5 31. Rhf1 Rb6 32. a4 Kf6
33. Be8 Nc4 34. Rf2 Be3 35. Rh2 h6 36. Kc2 Rxb2+ 37. Kd3
Ne5+ 38. Kxe3 Rxh2 39. Rd4 Rh3 40. Rd5 Rxf3+ 41. Kd4
Rd3+ 42. Kc5 Rxc3+ 43. Kb6 Nxg4 44. Rf5+ Ke7 45. Bxf7
Ne3 46. Rf2 g4 47. Re2 g3 48. Re1 Kxf7 49. a5 g2 50. Rg1
Ke6 51. a6 Ra3 52. Kb7 Ke5 53. a7 Kxe4 54. a8=Q Rxa8
55. Kxa8 Kf3 56. Rb1 Kg4 57. Kb7 Nf1 58. Rb4+ Kxh5
59. Rb5+ Kg4 60. Rb6 h5 61. Rh6 h4 62. Kc6 h3 63. Rg6+
Kf3 64. Rh6 h2 65. Rh3+ Kg4 66. Rxh2 Nxh2 67. Kd5 g1=Q
68. Ke4 Nf3 69. Kd5 Qd4+ 70. Kc6 Ne5+ 71. Kb7 Qd6
72. Ka8 Nd7 0-1

[Event "Torneo sociale 2005"]
[Site "Circolo Scacchistico Pievigino"]
[Date "2005.02.01"]
[Round "2"]
[White "Pavan,R"]
[Black "Bortolini,S"]
[Result "1-0"]
[WhiteElo "1500"]
[BlackElo "1500"]

1. d4 Nf6 2. Bg5 e6 3. Nf3 Be7 4. Nc3 d5 5. Ne5 a6 6. e3
Qd6 7. Bd3 Nc6 8. Bf4 Qb4 9. Rb1 Nxe5 10. Bxe5 Ne4
11. O-O Nxc3 12. bxc3 Qxc3 13. Rb3 Qa5 14. Bxg7 Rg8
15. Be5 Qxa2 16. Qe2 c6 17. Bxh7 Rg5 18. h4 Rxe5 19. dxe5
Bxh4 20. Qh5 Qxc2 21. Bxc2 Be7 22. Bh7 Bd7 23. Bg8
O-O-O 24. Bxf7 Bc5 25. Qg6 b5 26. Bxe6 1-0

[Event "Torneo sociale 2005"]
[Site "Circolo Scacchistico Pievigino"]
[Date "2005.02.01"]
[Round "2"]
[White "Corsi,A"]
[Black "Donadel,S"]
[Result "0-1"]
[WhiteElo "1500"]
[BlackElo "1700"]

1. e4 c5 2. Bc4 d6 3. Nc3 Nf6 4. d3 a6 5. a3 e6 6. Nf3 b5
7. Bb3 Bb7 8. Qe2 Be7 9. Bg5 h6 10. Bh4 Nc6 11. Bg3 Qb6
12. Ba2 O-O 13. b3 Qa5 14. Qd2 Nd4 15. b4 Nxf3+ 16. gxf3
cxb4 17. axb4 Qxb4 18. O-O Rfc8 19. Rfb1 Qxc3 20. Qxc3
Rxc3 21. Rb2 Nd7 22. f4 Nc5 23. Bb3 a5 24. d4 Nxb3
25. cxb3 Bxe4 26. Re1 d5 27. Re3 Rc1+ 0-1

[Event "Torneo sociale 2005"]
[Site "Circolo Scacchistico Pievigino"]
[Date "2005.02.01"]
[Round "2"]
[White "Gencarelli,M"]
[Black "Saccol,A"]
[Result "1-0"]
[WhiteElo "1500"]
[BlackElo "1500"]

1. e4 e5 2. Nf3 Nc6 3. c3 Nf6 4. d4 exd4 5. cxd4 Bb4+
6. Nc3 O-O 7. Bd3 Re8 8. Bg5 d6 9. O-O Bg4 10. Nb5 a6
11. Bxf6 gxf6 12. d5 Ne5 13. Nbd4 Bc5 14. Nf5 Bh5 15. Bc2
Kh8 16. Kh1 Rg8 17. Ng3 Bg4 18. a3 Ng6 19. b4 Bxf3
20. Qxf3 Bd4 21. Ra2 Be5 22. Nf5 Nf4 23. g3 Nh3 24. Kg2
Ng5 25. Qh5 Qd7 26. h4 Rg6 27. hxg5 Rxg5 28. Qh4 Rag8
29. f4 Rg4 30. Qxh7+ Kxh7 31. Rh1+ Kg6 32. Rh6# 1-0

[Event "Torneo sociale 2005"]
[Site "Circolo Scacchistico Pievigino"]
[Date "2005.02.15"]
[Round "3"]
[White "Giacomelli,G"]
[Black "Bortolotto,D"]
[Result "1-0"]
[WhiteElo "1900"]
[BlackElo "1500"]

1. e4 e5 2. Nf3 Nf6 3. d4 exd4 4. e5 Bb4+ 5. c3 dxc3 6. bxc3
Bxc3+ 7. Nxc3 Qe7 8. Be2 Ng4 9. Nd5 Qc5 10. O-O O-O
11. h3 Nh6 12. Bxh6 gxh6 13. Qd3 Nc6 14. Nf6+ 1-0

[Event "Torneo sociale 2005"]
[Site "Circolo Scacchistico Pievigino"]
[Date "2005.02.15"]
[Round "3"]
[White "Luca,D"]
[Black "Fontana,E"]
[Result "0-1"]
[WhiteElo "1598"]
[BlackElo "2097"]

1. e4 c5 2. g3 e6 3. Bg2 d5 4. exd5 exd5 5. Nf3 Nf6 6. O-O
Be7 7. d4 cxd4 8. Nxd4 O-O 9. Nc3 Nc6 10. a3 Bg4 11. Qd3
Rc8 12. Be3 a6 13. Rac1 Ne5 14. Qd2 Nc4 15. Qe1 Nxb2
16. f3 Bd7 17. Ra1 Re8 18. Qd2 Nc4 19. Qd3 Nxe3 20. Qxe3
Bb4 0-1

[Event "Torneo sociale 2005"]
[Site "Circolo Scacchistico Pievigino"]
[Date "2005.02.15"]
[Round "3"]
[White "Broli,C"]
[Black "Feltre,S"]
[Result "1-0"]
[WhiteElo "1500"]
[BlackElo "1500"]

1. c4 e5 2. Nc3 Nf6 3. g3 d5 4. cxd5 Bg4 5. Bg2 Bc5 6. Qa4+
c6 7. dxc6 Nxc6 8. Bxc6+ Bd7 9. Bxd7+ Nxd7 10. Nf3 O-O
11. O-O a6 12. Qh4 f6 13. e3 Bb6 14. d4 Qc7 15. Nd5 Qd6
16. Nxb6 Qxb6 17. dxe5 fxe5 18. Qc4+ Kh8 19. Ng5 Rfe8
20. Nf7+ Kg8 21. Nh6+ 1-0

[Event "Torneo sociale 2005"]
[Site "Circolo Scacchistico Pievigino"]
[Date "2005.02.15"]
[Round "3"]
[White "Donadel,S"]
[Black "Bubola,A"]
[Result "1-0"]
[WhiteElo "1700"]
[BlackElo "1500"]

1. d4 d5 2. c4 Nf6 3. Nc3 e6 4. Nf3 h6 5. a3 Bd6 6. c5 Be7
7. b4 Bd7 8. Bf4 Nc6 9. h3 a6 10. e3 b6 11. Bxa6 Ne4
12. Nb5 O-O 13. Nxc7 bxc5 14. Nxa8 Qxa8 15. b5 Nb8
16. Bxb8 Rxb8 17. a4 cxd4 18. O-O dxe3 19. fxe3 f6 20. Nd4
f5 21. Rc1 Qa7 22. Nxf5 exf5 23. Qxd5+ Kh7 24. Qd3 Bc5
25. Rf3 Re8 26. a5 Ng5 27. Rg3 Bxe3+ 28. Rxe3 Rxe3
29. b6 Qxb6 30. axb6 Rxd3 31. Bxd3 g6 32. b7 h5 33. Rc7
Kh6 34. Rxd7 Ne6 35. b8=Q Nc5 36. h4 Nxd7 37. Qh8# 1-0

[Event "Torneo sociale 2005"]
[Site "Circolo Scacchistico Pievigino"]
[Date "2005.02.15"]
[Round "3"]
[White "Vomiero,L"]
[Black "Spolaore,L"]
[Result "0-1"]
[WhiteElo "1500"]
[BlackElo "1545"]

1. e4 c5 2. c4 Nc6 3. Nf3 d6 4. Be2 g6 5. Nc3 Bg7 6. h3 Nf6
7. O-O Bd7 8. Rb1 Nh5 9. d3 Bxc3 10. bxc3 Qc8 11. Ng5
Ng7 12. Bg4 Bxg4 13. Qxg4 Qxg4 14. hxg4 b6 15. f4 h5
16. gxh5 gxh5 17. Bd2 f6 18. Nh3 O-O-O 19. Rbd1 h4
20. Bc1 Nh5 21. Be3 Rhg8 22. Rf3 Rg7 23. Rd2 Rdg8
24. Kh2 Nd8 25. d4 Nf7 26. dxc5 bxc5 27. Kg1 Ng3 28. e5
Ne4 29. Rc2 fxe5 30. f5 Rg3 31. Rxg3 Rxg3 32. Bf2 Nxf2
33. Kxf2 Nh6 34. Kf1 Nxf5 35. Rf2 Ne3+ 36. Ke2 Nxc4
37. Rf8+ Kd7 38. Kf2 Rxc3 39. Ra8 a5 40. Ng5 Rc2+ 41. Kf3
Rxa2 42. Ra7+ Kc6 43. Ne6 Ra3+ 44. Kf2 h3 45. gxh3 Rxh3
46. Rc7+ Kd5 47. Rxe7 a4 48. Ng5 Rh2+ 49. Kg1 Rb2
50. Nf3 a3 51. Ne1 a2 52. Ra7 Rb1 53. Rxa2 Rxe1+ 54. Kf2
Re3 55. Ra4 Kd4 56. Rxc4+ Kxc4 57. Kxe3 d5 0-1

[Event "Torneo sociale 2005"]
[Site "Circolo Scacchistico Pievigino"]
[Date "2005.02.15"]
[Round "3"]
[White "Gencarelli,M"]
[Black "Dall'Acqua,R"]
[Result "1-0"]
[WhiteElo "1500"]
[BlackElo "1500"]

1. e4 e5 2. d4 Nf6 3. Bg5 Be7 4. f4 d6 5. Nf3 h6 6. Bh4 Bg4
7. d5 O-O 8. Nbd2 exf4 9. Bd3 a6 10. c4 g5 11. Bf2 Qe8
12. Qc2 Nh5 13. e5 Bd8 14. Bh7+ Kh8 15. Bd4 f6 16. e6
Qe7 17. Bg6 c6 18. h3 Ng3 19. Rh2 Ba5 20. hxg4 Rg8
21. Rxh6+ Kg7 22. Rh7+ Kf8 23. Rxe7 Kxe7 24. Nxg5 Rh8
25. Bh7 b5 26. Qg6 Rf8 27. Bxf6+ Rxf6 28. Qg7+ Kd8
29. e7+ Kc7 30. e8=Q+ Kb6 31. Qxf6 Kc5 32. Qe3+ Kb4
33. Qb3+ Kc5 34. Qd4+ Kxd4 35. Ne6+ Ke5 36. Qc2 Ra7
37. Qf5+ 1-0

[Event "Torneo sociale 2005"]
[Site "Circolo Scacchistico Pievigino"]
[Date "2005.02.15"]
[Round "3"]
[White "Barazza,R"]
[Black "Premaor,S"]
[Result "1-0"]
[WhiteElo "1500"]
[BlackElo "1500"]

1. e4 e5 2. Nf3 Nc6 3. Bb5 Qf6 4. O-O Nge7 5. Re1 Ng6
6. c3 Nf4 7. d4 a6 8. Bxc6 dxc6 9. Nxe5 Qh6 10. Ng4 Qg5
11. g3 Nh3+ 12. Kg2 Qh5 13. Nf6+ gxf6 14. Qxh5 Ng5
15. Bxg5 fxg5 16. Qxg5 Be7 17. Qg7 Rf8 18. Qxh7 b5
19. Nd2 Bb7 20. Qf5 Rd8 21. Nb3 1-0

[Event "Torneo sociale 2005"]
[Site "Circolo Scacchistico Pievigino"]
[Date "2005.02.15"]
[Round "3"]
[White "Stella,I"]
[Black "Pavan,R"]
[Result "0-1"]
[WhiteElo "1500"]
[BlackElo "1500"]

1. e4 e5 2. Nf3 Nc6 3. Bc4 h6 4. a3 Nf6 5. d3 Bc5 6. O-O
O-O 7. b4 Bd4 8. Nxd4 exd4 9. Bb2 d5 10. exd5 Nxd5
11. Qf3 Be6 12. Nd2 Qg5 13. Ne4 Qe5 14. Rfe1 b6 15. Bc1
f5 16. Nf6+ Qxf6 17. Bxd5 Bxd5 18. Qxd5+ Kh8 19. Bf4 Rad8
20. Re6 Rxd5 0-1

[Event "Torneo sociale 2005"]
[Site "Circolo Scacchistico Pievigino"]
[Date "2005.02.15"]
[Round "3"]
[White "Callegher,C"]
[Black "Beghetto,E"]
[Result "1-0"]
[WhiteElo "1500"]
[BlackElo "1500"]

1. d4 d5 2. c4 Nf6 3. h3 Nc6 4. Nf3 e6 5. cxd5 Nxd5 6. e4
Ndb4 7. a3 Na6 8. Bb5 Be7 9. O-O O-O 10. Nc3 e5 11. Nxe5
Na5 12. Qd3 Be6 13. Qg3 Bh4 14. Qf3 Bg5 15. d5 Bc8
16. Nc6 bxc6 17. Bxc6 Rb8 18. e5 Nb3 19. Rb1 Bxc1
20. Ne2 Nd2 21. Qf4 g5 22. Qe3 Bf5 23. Nxc1 Nxf1 24. Kxf1
Bxb1 25. Qxa7 Rb6 26. d6 f6 27. Bd5+ Kh8 28. Qa8 Bd3+
29. Nxd3 c6 30. Bxc6 Nb8 31. e6 Rxc6 32. e7 Re8
33. exd8=Q Rxd8 34. d7 Ra6 35. Qb7 Rxd7 36. Qc8+ Kg7
37. Qxb8 Rxd3 38. Qb7+ Kg6 39. Qxa6 Rd1+ 40. Ke2 1-0

[Event "Torneo sociale 2005"]
[Site "Circolo Scacchistico Pievigino"]
[Date "2005.02.15"]
[Round "3"]
[White "Bortolini,S"]
[Black "Di Gennaro,S"]
[Result "0-1"]
[WhiteElo "1500"]
[BlackElo "1500"]

1. d4 Nf6 2. c4 g6 3. Nf3 Bg7 4. Nc3 O-O 5. g3 d6 6. Bg2
Nh5 7. O-O e5 8. dxe5 dxe5 9. Qxd8 Rxd8 10. Nd5 Na6
11. Be3 b6 12. Rad1 Bg4 13. Ne7+ Kf8 14. Rxd8+ Rxd8
15. Nc6 Re8 16. Rd1 Bf6 17. Bg5 Bxg5 18. Nxg5 Bxe2
19. Re1 Bxc4 20. Nxe5 Be6 21. Bf3 Nc5 22. Bxh5 gxh5
23. Nxh7+ Kg7 24. Ng5 f6 25. Nxe6+ Rxe6 26. Nf3 Rxe1+
27. Nxe1 a5 28. b3 a4 29. b4 Na6 30. Nc2 c5 31. b5 Nb4
0-1

[Event "Torneo sociale 2005"]
[Site "Circolo Scacchistico Pievigino"]
[Date "2005.02.15"]
[Round "3"]
[White "Saccol,A"]
[Black "Corsi,A"]
[Result "1/2-1/2"]
[WhiteElo "1500"]
[BlackElo "1500"]

1. d4 d5 2. c4 e6 3. Nc3 Nf6 4. e3 Bb4 5. a3 Bd6 6. c5 Be7
7. Nf3 Ne4 8. Nxe4 dxe4 9. Nd2 f5 10. Nc4 Nd7 11. b4 b6
12. Bb2 a5 13. d5 bxc5 14. bxa5 Nf6 15. dxe6 O-O 16. Qc2
Bxe6 17. Ne5 Bd6 18. Rd1 Bd7 19. Bc4+ Kh8 20. Nxd7 Qxd7
21. Qc3 Qe7 22. O-O Be5 1/2-1/2

[Event "Torneo sociale 2005"]
[Site "Circolo Scacchistico Pievigino"]
[Date "2005.02.22"]
[Round "4"]
[White "Fontana,E"]
[Black "Giacomelli,G"]
[Result "1/2-1/2"]
[WhiteElo "2097"]
[BlackElo "1900"]

1. d4 Nf6 2. Bg5 Ne4 3. Bf4 c5 4. f3 Nf6 5. d5 d6 6. c4 b5
7. cxb5 a6 8. e4 Nbd7 9. Nc3 g6 10. bxa6 Bg7 11. Bb5 Bxa6
12. Bxa6 Rxa6 13. Nge2 O-O 14. O-O Qb6 15. Qd2 Ne8
16. Rab1 Ne5 17. Bxe5 Bxe5 18. Kh1 Nc7 19. b3 Qb4
20. Qd3 Ra3 21. f4 Bg7 22. Rfc1 f5 23. Rc2 fxe4 24. Nxe4
Rf5 25. N4c3 Bxc3 26. Nxc3 Qxf4 27. h3 Qd4 28. Qe2 Re5
29. Qf1 Ra8 30. Rd1 Rf8 31. Qc4 Qe3 32. Re2 Qg5
33. Rde1 Rxe2 34. Qxe2 Rf7 35. Qe4 Qd2 36. Qe3 Qxe3
37. Rxe3 Kf8 38. Kg1 Rf5 39. Rf3 Rxf3 40. gxf3 Kf7 41. Kf2
Kf6 42. f4 1/2-1/2